Producción de ganado bovino para carne /
Guardado en:
| Autor Principal: | |
|---|---|
| Formato: | Libro |
| Publicado: |
Buenos Aires :
El Ateneo,
1985
|
| Series: | Agronom¡a y Veterinaria, 951
|
| Materias: | |
| Etiquetas: |
Agregar Etiqueta
Sin Etiquetas, Sea el primero en etiquetar este registro!
|
| LEADER | 00600nam a22001935a 4500 | ||
|---|---|---|---|
| 001 | CEM.cems001807 | ||
| 008 | 130507s1985##################000#0#####d | ||
| 005 | 20240508111855.0 | ||
| 245 | 1 | 0 | |a Producción de ganado bovino para carne / |
| 260 | |a Buenos Aires : |b El Ateneo, |c 1985 | ||
| 300 | |a 274 | ||
| 490 | 0 | |a Agronom¡a y Veterinaria, 951 | |
| 100 | 1 | |a Corva, Amílcar | |
| 082 | 0 | 4 | |a 636.21 |
| 653 | |a Bovinos | ||
| 653 | |a Bovinos de carne | ||
| 653 | |a Ganaderia | ||
| 859 | |a CEMS |b BIB. CEMS - Agricultura |h 636.21 |i C819 |p A14456.87 |t Ej.1 | ||
| 859 | |a CEMS |b BIB. CEMS - Agricultura |h 636.21 |i C819 |p A14457.87 |t Ej.2 | ||
